<?xml version="1.0" encoding="UTF-8"?>
<record
    xmlns:xsi="http://www.w3.org/2001/XMLSchema-instance"
    xsi:schemaLocation="http://www.loc.gov/MARC21/slim http://www.loc.gov/standards/marcxml/schema/MARC21slim.xsd"
    xmlns="http://www.loc.gov/MARC21/slim">

  <leader>00979cam9a220024100 4500</leader>
  <controlfield tag="001">qce00857646</controlfield>
  <controlfield tag="005">20190826083947.0</controlfield>
  <controlfield tag="008">740307s1963    nyu           000 0 eng u</controlfield>
  <datafield tag="010" ind1=" " ind2=" ">
    <subfield code="a">   35010016</subfield>
  </datafield>
  <datafield tag="035" ind1=" " ind2=" ">
    <subfield code="a">(Sirsi) r101988</subfield>
  </datafield>
  <datafield tag="035" ind1=" " ind2=" ">
    <subfield code="a">(QCAT)lss00540834</subfield>
  </datafield>
  <datafield tag="035" ind1=" " ind2=" ">
    <subfield code="a">(UPRA)qce00857646</subfield>
  </datafield>
  <datafield tag="040" ind1=" " ind2=" ">
    <subfield code="d">UPRA</subfield>
  </datafield>
  <datafield tag="050" ind1=" " ind2="0">
    <subfield code="a"> D 273.A3 Dur</subfield>
  </datafield>
  <datafield tag="100" ind1="1" ind2=" ">
    <subfield code="a">Durant, Will, 1885-</subfield>
    <subfield code="d">Durant, Will, 1885-</subfield>
    <subfield code="6">A59881.1</subfield>
  </datafield>
  <datafield tag="245" ind1="1" ind2="4">
    <subfield code="a">The age of Louis XIV :</subfield>
    <subfield code="b">a history of European civilization in the period of Pascal, Moliere, Cromwell, Milton, Peter the Great, Newton, and Spinoza : 1648-1715.</subfield>
  </datafield>
  <datafield tag="260" ind1=" " ind2=" ">
    <subfield code="a">New York :</subfield>
    <subfield code="b">Simon and Schuster,</subfield>
    <subfield code="c">[c1963]</subfield>
  </datafield>
  <datafield tag="490" ind1="0" ind2=" ">
    <subfield code="a">His The Story of civilization. 8</subfield>
    <subfield code="6">S492.1</subfield>
  </datafield>
  <datafield tag="504" ind1=" " ind2=" ">
    <subfield code="a">Includes bibliographical references.</subfield>
  </datafield>
  <datafield tag="651" ind1=" " ind2="0">
    <subfield code="a">Europe -- History -- 1648-1789.</subfield>
    <subfield code="x">Europe -- History -- 1648-1789.</subfield>
    <subfield code="y">Europe -- History -- 1648-1789.</subfield>
    <subfield code="6">S29958.1</subfield>
  </datafield>
  <datafield tag="949" ind1=" " ind2=" ">
    <subfield code="a"> D 273.A3 Dur</subfield>
    <subfield code="w">lcc</subfield>
    <subfield code="c"> 1</subfield>
    <subfield code="i">33729000057583</subfield>
    <subfield code="m">MAIN</subfield>
    <subfield code="p">2500</subfield>
    <subfield code="t">BOOK</subfield>
    <subfield code="l">ON-SHELF</subfield>
  </datafield>
  <controlfield tag="004">101988</controlfield>
  <datafield tag="999" ind1=" " ind2=" ">
    <subfield code="c">156695</subfield>
    <subfield code="d">156695</subfield>
  </datafield>
</record>
